000 00827nam a2200253Ia 4500
003 OSt
005 20220928125055.0
006 a|||||r|||| 00| 0
007 ta
008 220927b |||||||| |||| 00| 0 eng d
020 _c1276.479
024 _a116293
037 _b35527, 13/08/2012, Segment Book Distributors
_cTextual
040 _aSDCL
_cSDCL
_beng
041 _2eng
_aeng
082 _aX65, Q2
100 _aMauldin John
_9467902
245 0 _aLittle book of bull's eye investing
_b Finding value,generating absolute returns,and controlling risk in turbulent markets.
260 _aHoboken
_bJohn Wiley
_c2012
300 _axvii,187p
_ccm.
650 _aFinancial Studies
942 _hX65, Q2
_cTEXL
_2CC
999 _c780803
_d780803